banner-ar

مناهج البحث الادبى : (Record no. 66386)

MARC details
000 -الفاتح
حقل البيانات ثابتة الطول 00707nam a22002177a 4500
005 - وقت وتاريخ اخر تعامل مع التسجيلة
رقم الضبط 20240530110916.0
008 - عناصر البيانات ثابتة الطول - معلومات عامة
حقل البيانات ثابتة الطول 220509s1996 ua a b b 000 0 ara d
017 ## - رقم الايداع القانونى
رقم الايداع القانونى 95/7254
المصدر ( الهيئة المختصة) مصر. دار الكتب
020 ## - الرقم الدولى المعيارى للكتب
الرقم الدولى المعيارى للكتاب 977245078X
040 ## - مصدر الفهرسة
وكالة الفهرسة الأصلية EG-CaGPL
وكالة النسخ EG-CaGPL
082 04 - رقم تصنيف ديوى العشرى
رقم الطبعة 21
رقم التصنيف 810.9\
رقم المادة س م
100 0# - المدخل الرئيسى - إسم شخصى
الإسم الشخصى سعد ظلام
245 10 - بيان العنوان
العنوان مناهج البحث الادبى :
بقية العنوان دراسة تحليلية تطبيقية /
بيان المسئوليه,etc سعد ظلام
250 ## - بيان الطبعة
بيان الطبعة ط.1
260 ## - PUBLICATION, DISTRIBUTION, ETC. (IMPRINT)
تاريخ النشر أو التوزيع 1996
300 ## - الوصف المادى
التعداد 250 ص. ؛
أبعاد الوعاء 24 سم
650 07 - المدخل الاضافى بالموضوع-مصطلح موضوعى
مصدر الرأس أو المصطلح qrmak
مصطلح موضوعي الادب العربى
651 ## - المدخل الاضافى بالموضوع - اسم جغرافى
مصدر الرأس أو المصطلح qrmak
942 ## - عناصر المدخل الإضافي( كوها)
مصدر التصنيف او مخطط الترفيف Dewey Decimal Classification
Koha [default] item type كتاب
260 ## - PUBLICATION, DISTRIBUTION, ETC. (IMPRINT)
-- القاهرة :
-- مكتبة نهضة الشرق،
Holdings
حالة التراجع حالة الفقد حالة تلف ليس للاعارة المكان المؤقت الموقع الحالى تاريخ الاكتساب اجمالي اﻻعارات رقم الطلب الباركود تاريخ اخر مشاهدة تاريخ تفعيل السعر نوع وعاء كوها
        مكتبة القاهرة الكبرى مكتبة القاهرة الكبرى 05/09/2022   810.9\ س م 167835 05/09/2022 05/09/2022 كتاب
        مكتبة القاهرة الكبرى مكتبة القاهرة الكبرى 05/09/2022   810.9\ س م 167836 05/09/2022 05/09/2022 كتاب
        مكتبة القاهرة الكبرى مكتبة القاهرة الكبرى 05/09/2022   810.9\ س م 167837 05/09/2022 05/09/2022 كتاب

Powered By

EGPV